Większy czy mniejszy (populacja) - Statystyki

Ogólne statystyki
  • Ten quiz został rozwiązany 73 razy
  • Średni wynik to 8 z 10
Statystyki odpowiedzi
Zagadnienie Odpowiedź % Poprawnych
Które państwo ma większą populację?
100%
Które państwo ma większą populację?
100%
Które państwo ma większą populację?
80%
Które państwo ma większą populację?
80%
Które państwo ma większą populację?
80%
Które państwo ma większą populację?
80%
Które państwo ma większą populację?
80%
Które państwo ma większą populację?
80%
Które państwo ma większą populację?
40%
Które państwo ma większą populację?
40%
Nie znaleziono quizów pasujących do podanych kryteriów
Rozkład punktacji
Procent ludzi z każdym wynikiem
Percentyl według liczby udzielonych odpowiedzi
Twoja historia wyników
Nie rozwiązałeś tego quizu